Normal view
MARC view
Entry Personal Name
001 - CONTROL NUMBER
- control field: 7813
003 - CONTROL NUMBER IDENTIFIER
- control field: BD-RjUL
005 - DATE AND TIME OF LATEST TRANSACTION
- control field: 20230601110051.0
008 - FIXED-LENGTH DATA ELEMENTS
- fixed length control field: 230601|| aca||aabn | a|a d
040 ## - CATALOGING SOURCE
- Original cataloging agency: BD-RjUL
- Transcribing agency: BD-RjUL
100 ## - HEADING--PERSONAL NAME
- Personal name: Twenge, Jean M.,
- Dates associated with a name: 1971-
670 ## - SOURCE DATA FOUND
- Source citation: Work cat.: (BD-RjUL)81497: Twenge, Jean M., 1971- author., Personality psychology :